00262nam a22000857a 4500008004100000020001800041100002400059245006500083500002800148160202b xxu||||| |||| 00| 0 eng d 69780765637925 aHarris, M. Jonathan aEnvironmental and natural resourcesba contemporary approach aTo be cataloged a fresh